Bienvenue à la Médiathèque de Saint-Andiol
banniere
Accueil Recherche avancée Mon compte
handi1 Rechercher dans le catalogue

Filtre   Mots-clés
  Recherche avancée
 
Lister les dernières nouveautés
 
Lister les livres GROS CARACTERES
 
Lister les périodiques (magazines)

handi1 Petits déjeuners bons pour la santé

Book Cover
Titre : Petits déjeuners bons pour la santé
Support : Livres
Langue : Francais
Publié : DL 2021 Solar éditions Paris
Series : En cuisine avec Dr. Good !
Genre : Documentaire
Collection : En cuisine avec Dr. Good !
Sujets :
Étiquettes :
Pas de tags
LEADER 01584nam0a2200241 450
001 16867801
010 |a 978-2-263-17629-6  |b rel.  |d 7,95 € 
100 |a 20260306d2026 u u0frey01 ba 
101 0 |a fre 
102 |a FR 
200 0 |a Petits déjeuners bons pour la santé 
207 1 |a   
210 |a Paris  |c Solar éditions  |d DL 2021 
215 |a 1 vol. (95 p.)  |c ill. en coul.  |d 22 cm 
225 1 |a En cuisine avec Dr. Good ! 
300 |a Index 
330 |a Après le magazine et les cahiers santé / bien-être, retrouvez la nouvelle collection cuisine DR GOOD, alias Michel Cymes. Le médecin préféré des français donne ici ses conseils et astuces nutrition pour bien manger au quotidien. Bien manger au quotidien, c'est facile quand on sait comment composer des plats sains tout en restant gourmands. Retrouvez plus de 40 recettes de petits déjeuners bons pour la santé, accompagnées d'infos nutrition essentielles : des focus sur les aliments, mais aussi des astuces healthy pour apporter saveurs et équilibre à ses préparations. En mode petit déj' sur le pouce ou à emporter, ou encore plats complets du matin, vous ne manquerez plus d'idées pour décliner vos petits déjeuners en toutes occasions : porridge pomelos-noix de pécan, muesli maison, banana bread, tartines tonus, oeufs au plats sur rondelles de poivron... 
461 0 |t En cuisine avec Dr. Good ! 
606 0 |a Petits déjeuners 
676 |a 641.52 
900 |a Documentaire 
901 |a Adultes 
995 |a Médiathèque  |c Médiathèque  |f 089021771  |h 089021771  |k 641.5 DRG  |o p  |q a  |r az  |e Médiathèque